| 000 | 00670cam a22002417a 4500 | ||
|---|---|---|---|
| 001 | 85058 | ||
| 003 | BD-RjUL | ||
| 005 | 20250625144352.0 | ||
| 008 | 880916s1980 ii 000 0 urd | ||
| 020 | _cRs15.00 | ||
| 035 | _a(BD-RjUL) 85058 | ||
| 040 |
_aDLC _cDLC _dDLC _beng |
||
| 041 | _aeng | ||
| 082 |
_223 _a891.4391 _bBAH 1980 |
||
| 100 | 0 |
_aJamīlah Bānū, _d1936- _915778 |
|
| 245 | 1 | 0 |
_aḤarf-i ārzū / _cJamīlah Bānū. |
| 260 |
_aNaʼī Dihlī : _bIdārah-yi Adabiyāt : _bMilne ke pate, Moḍarn Pablishing Hāʼūs, _c1980. |
||
| 300 |
_a96 p. ; _c22 cm. |
||
| 500 | _aPoems. | ||
| 500 | _aIn Urdu. | ||
| 650 |
_aUrdu Poem _93879 |
||
| 942 |
_2ddc _cBK |
||
| 999 |
_c85058 _d85058 |
||